Voces de Chernóbil : (Registro nro. 15797)

000 -CABECERA
campo de control de longitud fija 02250nam a22002537a 4500
003 - IDENTIFICADOR DEL NÚMERO DE CONTROL
campo de control OSt
005 - FECHA Y HORA DE LA ÚLTIMA TRANSACCIÓN
campo de control 20250128204718.0
008 - DATOS DE LONGITUD FIJA--INFORMACIÓN GENERAL
campo de control de longitud fija 250128b ||||| |||| 00| 0 spa d
020 ## - NÚMERO INTERNACIONAL ESTÁNDAR DEL LIBRO
Número Internacional Estándar del Libro 9789588940151
040 ## - FUENTE DE LA CATALOGACIÓN
Centro/agencia transcriptor CO-MqBPB
082 ## - NÚMERO DE LA CLASIFICACIÓN DECIMAL DEWEY
Número de clasificación 947.7085
Número de documento/Ítem A42v
100 ## - ENTRADA PRINCIPAL--NOMBRE DE PERSONA
Nombre de persona Alexievich, Svetlana,
Término indicativo de función/relación 1948
245 1# - MENCIÓN DE TÍTULO
Título Voces de Chernóbil :
Resto del título crónica del futuro /
Mención de responsabilidad, etc. Svetlana Alexievich.
264 ## - PRODUCCIÓN, PUBLICACIÓN, DISTRIBUCIÓN, FABRICACIÓN Y COPYRIGHT
Producción, publicación, distribución, fabricación y copyright Bogotá :
Nombre del de productor, editor, distribuidor, fabricante Debolsillo,
Fecha de producción, publicación, distribución, fabricación o copyright 2015
300 ## - DESCRIPCIÓN FÍSICA
Extensión 406 p. ;
Dimensiones 19 cm
490 ## - MENCIÓN DE SERIE
Mención de serie Debolsillo. Ensayo
500 1# - NOTA GENERAL
Nota general Reseña del libro "Voces de Chernóbil"<br/>Chernóbil, 1986. «Cierra las ventanillas y acuéstate. Hay un incendio enla central. Vendré pronto.» Esto fue lo último que un joven bombero dijoa su esposa antes de acudir al lugar de la explosión. No regresó. Y encierto modo, ya no volvió a verle, pues en el hospital su marido dejó deser su marido. Todavía hoy ella se pregunta si su historia trata sobreel amor o la muerte.Voces de Chernóbil está planteado como si fuera una tragedia griega, concoros y unos héroes marcados por un destino fatal, cuyas voces fueronsilenciadas durante muchos años por una polis representada aquí por laantigua URSS. Pero, a diferencia de una tragedia griega, no huboposibilidad de catarsis.«[...] por su escritura polifónica, que es un monumento al valor y alsufrimiento en nuestro tiempo.»Jurado de la Academia Sueca al otorgar a la autora el Premio Nobel deLiteratura 2015.La crítica ha dicho...«Alexiévich describe de manera muy elocuente la incompetencia, elheroísmo y el dolor: mediante los monólogos de sus entrevistados creauna historia que el lector, por muy distante que esté de losacontecimientos, será capaz de palpar.»The Daily Telegraph«Terribles y grotescas, las historias se consolidan página tras páginacomo los radionúclidos instalados en los cuerpos de los supervivientes.»The New York Times«En sus libros es capaz de rescatar lo que quedó bajo los escombros dela historia para escribir con ello una crónica del futuro.»Carmen G. de la Cueva, Ahora
546 ## - NOTA DE LENGUA/LENGUAJE
Nota de lengua/lenguaje chernobylskaia molitva
586 ## - NOTA DE PREMIOS
Nota de premios Premio Nobel 2015.
650 ## - PUNTO DE ACCESO ADICIONAL DE MATERIA--TÉRMINO DE MATERIA
Fuente del encabezamiento o término Ensayo
Subdivisión de forma Ucrania
650 ## - PUNTO DE ACCESO ADICIONAL DE MATERIA--TÉRMINO DE MATERIA
Fuente del encabezamiento o término Periodismo
Subdivisión de forma Accidente nuclear
700 ## - PUNTO DE ACCESO ADICIONAL--NOMBRE DE PERSONA
Nombre de persona San Vicente, Ricardo,
Término indicativo de función/relación traductor.
942 ## - ELEMENTOS DE PUNTO DE ACCESO ADICIONAL (KOHA)
Fuente del sistema de clasificación o colocación
Tipo de ítem Koha Libro
Existencias
Estado de retiro Estado de pérdida Fuente del sistema de clasificación o colocación Estado dañado No para préstamo Código de colección Localización permanente Ubicación/localización actual Ubicación en estantería Fecha de adquisición Fuente de adquisición Número de inventario Total de préstamos Signatura topográfica completa Código de barras Fecha visto por última vez Número de copia Precio válido a partir de Tipo de ítem Koha Nota pública Renovaciones totales En préstamo Fecha del último préstamo
          Colección General Biblioteca Pública San Juan Bosco Biblioteca Pública San Juan Bosco Colección General 28/01/2025 Compra 2024 NT   947.7085 A42v MOS504091 28/01/2025 Ej. 1 28/01/2025 Libro Quince dias      
          Colección General Biblioteca Pública San Juan Bosco Biblioteca Pública San Juan Bosco Colección General 28/01/2025 Compra 2024 NT 2 947.7085 A42v MOS504092 01/06/2026 Ej. 2 28/01/2025 Libro Quince dias 3 09/06/2026 01/06/2026

© Todos los derechos reservados para la Biblioteca Pública Municipal San Juan Bosco, 2020
Secretaria de Cultura de Mosquera
Carrera 3 N° 10 Esquina Centro Cultural Barrio El Carmén Teléfono: 8270830 Ext: 34
Funcionando con KOHA
Contacto: Biblioteca Pública Municipal San Juan Bosco/ bibliotecasanjuanbosco@mosquera-cundinamarca.gov.co
Mosquera, Cundinamarca